000 004640000a22001930004500
003 LK-CoMWRAF
008 230817t ||||| |||| 00| 0 eng d
020 _a9559170120
040 _aLK-CoMWRAF
_dLK-CoMWRAF
_eLK-CoMWRAF
041 _aeng
082 _a710
_bPAR
100 _aParanavitana, Senerat
245 _aSinhalayo
_b
250 _a4th.ed
260 _aSri Lanka
_bVisidunu
_c1999
300 _ap.62
650 _ahistory of the Sinlalese
942 _cBK
999 _c3143
_d3143